| 000 | 00864nam a2200241 a 4500 | ||
|---|---|---|---|
| 001 | BRCA_3691 | ||
| 005 | 20190320204402.0 | ||
| 008 | 090604s2008 mx-a---##b---#000-0#spa-d | ||
| 020 | _a9789707227583 | ||
| 041 | _aspa | ||
| 044 | _amx | ||
| 050 | 4 |
_aND1329.3 _b.M66 2008 |
|
| 100 | 1 |
_aMontero Alarcón, Alma _99579 |
|
| 245 | 1 | 0 |
_aMonjas coronadas _bprofesión y muerte en hispanoamérica virreinal _cAlma Montero Alarcón. |
| 260 |
_aMéxico _bINAH : Asociación de Amigos del Museo Nacional del Virreinato : Plaza y Valdéz _c2008 |
||
| 300 |
_a393 p. _bil. _c23 cm. _e1 CD |
||
| 504 | _aIncluye referencias bibliográficas | ||
| 650 | 1 | 4 |
_aMonjas _vRetratos _zMéxico _99580 |
| 650 | 1 | 4 |
_aArte cristiano y simbolismo _zAmérica Latina _94081 |
| 650 | 1 | 4 |
_aPintura _ySiglo XVII _zAmérica Latina _99581 |
| 650 | 1 | 4 |
_aPintura barroca _zMéxico _99582 |
| 942 |
_2lcc _cB |
||
| 999 |
_c3421 _d3421 |
||